Lettere dall'interno : racconto per un film su Simone Weil /

Gardado en:
Detalles Bibliográficos
Main Authors: Cavani, Liliana, (1933- ) (Author), Moscati, Italo (Author)
Formato: Libro
Idioma:Lingua italiana
Publicado: Torino : Einaudi, 1974
Series:Nuovi coralli ; 78
Subjects:
Tags: Engadir etiqueta
Sen Etiquetas, Sexa o primeiro en etiquetar este rexistro!

MARC

LEADER 00000nam a22000007i 4500
001 IT\ICCU\SBL\0596474
003 ItRI
005 20260115232320.0
008 910930s1974 it |||||| ||||| |||||c
015 |2 IT  |a 747533 
040 |b ita  |c importazione bologna sebina 
041 7 |a ita  |2 ISO-639-2 
082 |a 791.43  |9 CINEMATOGRAFO  |2 17 
082 |a 791.43  |9 CINEMATOGRAFO  |2 18 
082 |a 791.4372  |9 Singoli film  |2 20 
100 1 |a Cavani, Liliana,  |d  (1933- )  |0 IT\ICCU\CFIV\103221  |4 aut 
240 1 0 |a Simone Weil  |3 IT\ICCU\CAG\2095676  |9 Cavani, Liliana <1933- > 
245 1 0 |a Lettere dall'interno :  |b racconto per un film su Simone Weil /  |c Liliana Cavani e Italo Moscati. 
260 |a Torino :  |b Einaudi,  |c 1974 
300 |a 136 p. ;  |c 20 cm. 
650 7 |a Weil, Simone 
700 1 |a Moscati, Italo  |0 IT\ICCU\CFIV\091026  |4 aut 
830 0 |a Nuovi coralli ;  |v 78  |0 IT\ICCU\CFI\0000684 
942 |2 ddc  |c BK  |n 0 
952 |0 0  |1 0  |4 0  |6 DOC_852_914000000000000_CAV  |7 0  |9 24052  |a BO  |b BO  |d 2026-01-15  |i 3424  |l 0  |o DOC 852.914 CAV  |p BO3424  |r 2026-01-15 23:23:20  |w 2026-01-15  |x [Sebina 5] [1 v.]  |y BK  |z 1 v. 
999 |c 20481  |d 20481